Integrated management and safe disposal of municipal solid waste in least developed Asian countries : (Record no. 60182)
[ view plain ]
| 000 -LEADER | |
|---|---|
| fixed length control field | 01370nam a2200313 a 4500 |
| 001 - CONTROL NUMBER | |
| control field | 60182 |
| 003 - CONTROL NUMBER IDENTIFIER | |
| rucl marc code | BD-RjUL |
| 005 - DATE AND TIME OF LATEST TRANSACTION | |
| control field | 20211209080819.0 |
| 008 - FIXED-LENGTH DATA ELEMENTS--GENERAL INFORMATION | |
| fixed length control field | 161228s2005 bg ab b 000 0 eng |
| 020 ## - INTERNATIONAL STANDARD BOOK NUMBER | |
| International Standard Book Number | 9843230035 |
| 035 ## - SYSTEM CONTROL NUMBER | |
| System control number | (BD-RjUL)60306 |
| 040 ## - CATALOGING SOURCE | |
| Original cataloging agency | DLC |
| Transcribing agency | DLC |
| Modifying agency | DLC |
| Language of cataloging | eng |
| 041 ## - LANGUAGE CODE | |
| Language code of text/sound track or separate title | eng |
| 082 ## - DEWEY DECIMAL CLASSIFICATION NUMBER | |
| Edition number | 23 |
| Classification number | 363.7285 |
| Author mark and year | INT 2005 |
| 245 00 - TITLE STATEMENT | |
| Title | Integrated management and safe disposal of municipal solid waste in least developed Asian countries : |
| Remainder of title | a feasibility study : research outcome of WasteSafe Project / |
| Statement of responsibility, etc. | edited by Muhammed Alamgir ... [et al.]. |
| 260 ## - PUBLICATION, DISTRIBUTION, ETC. (IMPRINT) | |
| Place of publication, distribution, etc. | Khulna : |
| Name of publisher, distributor, etc. | WasteSafe, |
| Date of publication, distribution, etc. | 2005. |
| 300 ## - PHYSICAL DESCRIPTION | |
| Pagination | xxii, 398 p. : |
| Illustrations | ill. ; |
| Size | 29 cm. |
| 500 ## - GENERAL NOTE | |
| General note | "Khulna University of Engineering & Technology, Bangladesh; Asia Pro Eco Programme of the European Commission." |
| 504 ## - BIBLIOGRAPHY, ETC. NOTE | |
| Bibliography, etc | Includes bibliographical references (p. [393]-398). |
| 520 ## - SUMMARY, ETC. | |
| Summary, etc. | Study conducted in six city corporations of Bangladesh and Kathmandu of Nepal. |
| 650 ## - SUBJECT ADDED ENTRY--TOPICAL TERM | |
| Topical term or geographic name as entry element | Solid wastes |
| 9 (RLIN) | 179180 |
| 700 1# - ADDED ENTRY--PERSONAL NAME | |
| Personal name | Alamgir, Muhammed. |
| 710 2# - ADDED ENTRY--CORPORATE NAME | |
| Corporate name or jurisdiction name as entry element | WasteSafe Project. |
| 9 (RLIN) | 179182 |
| Corporate name or jurisdiction name as entry element | Khulna University of Engineering & Technology, Bangladesh. |
| 9 (RLIN) | 179183 |
| Corporate name or jurisdiction name as entry element | Asia Pro Eco Programme of the European Commission. |
| 9 (RLIN) | 179184 |
| 856 41 - ELECTRONIC LOCATION AND ACCESS | |
| Materials specified | Table of contents only |
| Uniform Resource Identifier | <a href="http://www.loc.gov/catdir/toc/fy0713/2006454222.html">http://www.loc.gov/catdir/toc/fy0713/2006454222.html</a> |
| 942 ## - ADDED ENTRY ELEMENTS (KOHA) | |
| Source of classification or shelving scheme | Dewey Decimal Classification |
| Koha item type | Books |
| Lost status | Source of classification or shelving scheme | Damaged status | Not for loan | Collection code | Permanent Location | Current Location | Shelving location | Date acquired | Source of acquisition | Total Checkouts | Full call number | Date last seen | Copy number | Koha item type |
|---|---|---|---|---|---|---|---|---|---|---|---|---|---|---|
| Dewey Decimal Classification | Not For Loan | Non-fiction | Central Library, University of Rajshahi | Central Library, University of Rajshahi | Reading Room | 15/02/2009 | RUCL | 363.7285 INT 2005 | 28/12/2016 | C-1 | Books |